[Event "Moscow Open 2009 A"]
[Site ""]
[Date "2009.02.02"]
[Round "3.81"]
[White "Kolomensky, Vladimir"]
[Black "Pugachov, Alexey"]
[Result "1/2-1/2"]
[WhiteElo "2253"]
[BlackElo "2450"]
[Annotator ""]
[Source ""]
[Remark ""]

1.e4 c5 2.Nf3 e6 3.d4 cxd4 4.Nxd4 Nc6 5.Nc3 a6 6.g3 d6 7.Bg2
Bd7 8.O-O Qc7 9.Re1 Be7 10.Nxc6 Bxc6 11.a4 Nf6 12.a5 O-O 13.Be3
Nd7 14.Na4 Rae8 15.Nb6 f5 16.Nxd7 Qxd7 17.Qd3 fxe4 1/2-1/2

[Event "Moscow Open 2009 A"]
[Site ""]
[Date "2009.02.02"]
[Round "3.82"]
[White "Morev, Ivan"]
[Black "Obodchuk, Andrei"]
[Result "1/2-1/2"]
[WhiteElo "2249"]
[BlackElo "2445"]
[Annotator ""]
[Source ""]
[Remark ""]

1.e4 c5 2.Nf3 e6 3.d4 cxd4 4.Nxd4 Nc6 5.Nxc6 bxc6 6.Bd3 d5 7.O-O
Nf6 8.Nd2 Be7 9.b3 O-O 10.Qe2 a5 11.a4 Nd7 12.c4 Nc5 13.Bc2 d4
14.Ba3 e5 15.f4 exf4 16.Bxc5 Bxc5 17.Qd3 Qg5 18.Qf3 Qh5 1/2-1/2

[Event "Moscow Open 2009 A"]
[Site ""]
[Date "2009.02.02"]
[Round "3.83"]
[White "Belous, Vladimir"]
[Black "Omariev, Maksim"]
[Result "1/2-1/2"]
[WhiteElo "2431"]
[BlackElo "2248"]
[Annotator ""]
[Source ""]
[Remark ""]

1.c4 e5 2.Nc3 Nf6 3.g3 d5 4.cxd5 Nxd5 5.Bg2 Nb6 6.Nf3 Nc6 7.O-O
Be7 8.d3 O-O 9.Be3 Be6 10.Qd2 Nd5 11.Rac1 Qd7 12.a3 Nxe3 13.Qxe3
f6 14.Rfd1 Rad8 15.d4 Nxd4 16.Nxd4 exd4 17.Rxd4 Bc5 18.Rxd7 Bxe3
19.Rxd8 Bxc1 20.Rxf8+ Kxf8 21.Bxb7 Bxb2 22.Nb5 c5 23.Nxa7 Bxa3
24.Nb5 Bb2 25.Nc7 Bc4 26.Be4 Bxe2 27.Ne6+ Ke7 28.Nxc5 1/2-1/2

[Event "Moscow Open 2009 A"]
[Site ""]
[Date "2009.02.02"]
[Round "3.84"]
[White "Tilicheev, Viacheslav"]
[Black "Konovalov, Nikolay"]
[Result "1/2-1/2"]
[WhiteElo "2242"]
[BlackElo "2430"]
[Annotator ""]
[Source ""]
[Remark ""]

1.d4 d5 2.c4 e6 3.Nc3 c6 4.e4 Bb4 5.exd5 cxd5 6.Nf3 Nc6 7.a3
Bxc3+ 8.bxc3 Nf6 9.Bd3 Qc7 10.O-O dxc4 11.Bxc4 Na5 12.Bb5+ Bd7
13.Qa4 O-O 14.Bf4 Bxb5 15.Qxb5 Qb6 16.Qd3 Qc6 17.Rac1 Rac8 18.c4
Nxc4 19.Ne5 Nxe5 20.dxe5 Qe4 21.Qe3 Qxe3 22.Bxe3 Nd5 23.Bc5 Rfd8
24.g3 b6 25.Bd6 f5 26.Kg2 Kf7 27.h4 h5 28.a4 a5 29.Rfd1 Ke8 30.Kf1
Rxc1 31.Rxc1 Kd7 32.Ke2 Rc8 33.Rxc8 Kxc8 34.Kd3 Kd7 35.Kc4 Kc6
36.Bf8 g6 37.Bd6 Nc7 38.Bxc7 Kxc7 39.Kd4 Kb7 40.Kd3 b5 41.axb5
Kb6 42.Kc4 a4 43.Kb4 a3 44.Kxa3 Kxb5 45.f4 1/2-1/2

[Event "Moscow Open 2009 A"]
[Site ""]
[Date "2009.02.02"]
[Round "3.85"]
[White "Nazaryev, Sergey"]
[Black "Appolonov, Sergey"]
[Result "0-1"]
[WhiteElo "2236"]
[BlackElo "2427"]
[Annotator ""]
[Source ""]
[Remark ""]

1.d4 Nf6 2.c4 e6 3.Nf3 d5 4.Nc3 Nbd7 5.Bg5 Be7 6.e3 O-O 7.Qc2
c6 8.cxd5 exd5 9.Bd3 h6 10.Bxf6 Nxf6 11.O-O Bd6 12.Rfe1 Be6 13.a3
Re8 14.h3 Rc8 15.e4 dxe4 16.Nxe4 Nxe4 17.Bxe4 Qf6 18.Re2 Bc7
19.Rae1 Rcd8 20.Rd1 Bb6 21.Red2 Rd6 22.Qc3 Red8 23.Ne5 Bd5 24.Bxd5
Rxd5 25.Nf3 Re8 26.Qc4 g6 27.Rd3 Re4 28.Re3 Rf4 29.Qb4 Kg7 30.Re8
Bc5 31.Qc3 Bxd4 32.Rxd4 Rdxd4 33.Nxd4 Rxd4 34.Re1 Rd5 35.Qc2
a5 36.Re3 Qd4 37.Re7 Rc5 38.Qe2 Rb5 39.Qf3 Rf5 40.Qe2 b5 41.Re3
Rc5 42.Rd3 Qc4 0-1

[Event "Moscow Open 2009 A"]
[Site ""]
[Date "2009.02.02"]
[Round "3.86"]
[White "Grishchenko, Sergey"]
[Black "Baghdasaryan, Vahe"]
[Result "1-0"]
[WhiteElo "2423"]
[BlackElo "2246"]
[Annotator ""]
[Source ""]
[Remark ""]

1.d4 d5 2.c4 c6 3.Nc3 Nf6 4.Nf3 e6 5.Bg5 dxc4 6.e4 b5 7.e5 h6
8.Bh4 g5 9.Nxg5 hxg5 10.Bxg5 Nbd7 11.g3 Qa5 12.exf6 b4 13.Ne4
Ba6 14.b3 O-O-O 15.Bxc4 Bxc4 16.bxc4 Nc5 17.Nxc5 Bxc5 18.d5 cxd5
19.Qd3 dxc4 20.Qxc4 Rd4 21.Qb3 Re4+ 22.Be3 Bxe3 23.Qc2+ 1-0

[Event "Moscow Open 2009 A"]
[Site ""]
[Date "2009.02.02"]
[Round "3.87"]
[White "Sek, Konstantin"]
[Black "Elishev, Ivan"]
[Result "1-0"]
[WhiteElo "2417"]
[BlackElo "2239"]
[Annotator ""]
[Source ""]
[Remark ""]

1.e4 d5 2.exd5 Nf6 3.Bb5+ Bd7 4.Be2 Nxd5 5.d4 g6 6.c4 Nb6 7.Nc3
Bg7 8.Be3 O-O 9.Qd2 e5 10.d5 Na4 11.Nxa4 Bxa4 12.Qb4 Bc2 13.Rc1
Be4 14.f3 Bf5 15.Qxb7 Nd7 16.g4 Bh6 17.Qb3 Qh4+ 18.Bf2 Qg5 19.Rd1
Rfb8 20.Qc3 Bf8 21.h4 Qf6 22.c5 e4 23.Bd4 Qe7 24.gxf5 1-0

[Event "Moscow Open 2009 A"]
[Site ""]
[Date "2009.02.02"]
[Round "3.88"]
[White "Denisov, Ivan"]
[Black "Borisenko, Andrei"]
[Result "1-0"]
[WhiteElo "2193"]
[BlackElo "2415"]
[Annotator ""]
[Source ""]
[Remark ""]

1.e4 e6 2.d4 d5 3.Nd2 a6 4.e5 c5 5.c3 Nc6 6.Ndf3 b5 7.Bd3 Qb6
8.Be3 b4 9.Ne2 cxd4 10.cxd4 a5 11.Ng5 h6 12.Nxf7 Kxf7 13.Nf4
Nge7 14.Qh5+ Kg8 15.h4 Qd8 16.Rh3 Nf5 17.Bxf5 exf5 18.e6 Qf6
19.Qe8 Ne7 20.Rg3 Kh7 21.Rc1 b3 22.a3 Ra6 23.Rc7 Bxe6 24.Nh5
Qf7 25.Rxe7 1-0

[Event "Moscow Open 2009 A"]
[Site ""]
[Date "2009.02.02"]
[Round "3.89"]
[White "Rettore, Ludwig"]
[Black "Potapov, Pavel"]
[Result "0-1"]
[WhiteElo "2178"]
[BlackElo "2414"]
[Annotator ""]
[Source ""]
[Remark ""]

1.e4 c5 2.Nf3 Nc6 3.d4 cxd4 4.Nxd4 e5 5.Nb5 d6 6.c4 Be7 7.N1c3
a6 8.Na3 f5 9.exf5 Bxf5 10.Bd3 Be6 11.O-O Nf6 12.Nc2 O-O 13.Ne3
Rc8 14.Ncd5 Nd4 15.Nxe7+ Qxe7 16.b3 b5 17.Bb2 bxc4 18.Nxc4 Nd5
19.Bxd4 exd4 20.Qh5 g6 21.Qh6 Nf4 22.Rad1 Rc5 23.g4 Bxg4 0-1

[Event "Moscow Open 2009 A"]
[Site ""]
[Date "2009.02.02"]
[Round "3.90"]
[White "Lavrik, Dmitry"]
[Black "Zhadanov, Nikolay"]
[Result "1-0"]
[WhiteElo "2414"]
[BlackElo "2226"]
[Annotator ""]
[Source ""]
[Remark ""]

1.e4 e6 2.d4 d5 3.e5 c5 4.c3 Qb6 5.Nf3 Bd7 6.a3 c4 7.Nbd2 Nc6
8.g3 Na5 9.Bh3 Ne7 10.O-O h6 11.Ne1 O-O-O 12.f4 Kb8 13.Ndf3 Qb3
14.Qe2 Ka8 15.Ng2 g6 16.Ne3 Ba4 17.Bg2 a6 18.g4 h5 19.h3 hxg4
20.hxg4 Bh6 21.Nh2 Rh7 22.Bd2 Rdh8 23.Be1 Qb6 24.Bg3 Qc6 25.Nf3
Bf8 26.Kf2 Nb3 27.Rae1 Bg7 28.Ng1 1-0

[Event "Moscow Open 2009 A"]
[Site ""]
[Date "2009.02.02"]
[Round "3.91"]
[White "Pasiev, Rakhim"]
[Black "Chernobay, Artem"]
[Result "1/2-1/2"]
[WhiteElo "2152"]
[BlackElo "2414"]
[Annotator ""]
[Source ""]
[Remark ""]

1.e4 e6 2.d4 d5 3.Nc3 Bb4 4.e5 c5 5.a3 Bxc3+ 6.bxc3 Ne7 7.Qg4
Qc7 8.Qxg7 Rg8 9.Qxh7 cxd4 10.Ne2 Nbc6 11.f4 Bd7 12.Qd3 dxc3
13.Nxc3 a6 14.h4 Nf5 15.Rh3 Na5 16.h5 O-O-O 17.h6 Rg6 18.h7 Rh8
19.a4 Nc4 20.Ne2 Rg7 21.Bd2 Kb8 22.Bc3 Nb6 23.Ba5 Qc5 24.Bxb6
Qxb6 25.Qc3 Rgxh7 26.Rxh7 Rxh7 1/2-1/2

[Event "Moscow Open 2009 A"]
[Site ""]
[Date "2009.02.02"]
[Round "3.92"]
[White "Efanov, Nikolai"]
[Black "Yarmolenko, Evgeny"]
[Result "1/2-1/2"]
[WhiteElo "2411"]
[BlackElo "2211"]
[Annotator ""]
[Source ""]
[Remark ""]

1.e4 e6 2.d4 d5 3.Nd2 dxe4 4.Nxe4 Bd7 5.Nf3 Bc6 6.Bd3 Nd7 7.c4
Ngf6 8.Nc3 Be7 9.O-O O-O 10.Re1 Bxf3 11.Qxf3 c6 12.Bf4 Re8 13.Rad1
Nf8 14.d5 exd5 15.cxd5 Bb4 16.dxc6 bxc6 17.Qxc6 Rxe1+ 18.Rxe1
Rc8 19.Qf3 Bxc3 20.bxc3 Qa5 21.Bb1 Qxc3 22.Qxc3 Rxc3 23.Rc1 Rxc1+
24.Bxc1 1/2-1/2

[Event "Moscow Open 2009 A"]
[Site ""]
[Date "2009.02.02"]
[Round "3.93"]
[White "Shefer, Alexander"]
[Black "Shvedchikov, Anatoli I"]
[Result "1/2-1/2"]
[WhiteElo "2146"]
[BlackElo "2409"]
[Annotator ""]
[Source ""]
[Remark ""]

1.d4 Nf6 2.c4 c6 3.Nf3 d5 4.cxd5 cxd5 5.Nc3 Nc6 6.Bf4 Bf5 7.e3
e6 8.Bd3 Bxd3 9.Qxd3 Be7 10.O-O O-O 11.h3 a6 12.Rac1 Qa5 13.a3
Rfc8 14.Na2 Ne4 15.Ne5 Nxe5 16.Bxe5 Qb5 17.Qxb5 axb5 18.Rxc8+
Rxc8 19.Rc1 Rc6 20.Bc7 Nd2 21.Rxc6 bxc6 22.Nc1 c5 23.dxc5 Bxc5
24.Nd3 Be7 25.Ba5 Nc4 26.Bc3 f6 27.Kf1 Kf7 28.Ke2 e5 29.Ke1 Ke6 1/2-1/2

[Event "Moscow Open 2009 A"]
[Site ""]
[Date "2009.02.02"]
[Round "3.94"]
[White "Yeo, Michael J"]
[Black "Kachko, Alexander"]
[Result "0-1"]
[WhiteElo "2120"]
[BlackElo "2401"]
[Annotator ""]
[Source ""]
[Remark ""]

1.e4 Nc6 2.Nc3 e5 3.Nf3 Bc5 4.Nxe5 Nxe5 5.d4 Bd6 6.dxe5 Bxe5
7.Bc4 Bxc3+ 8.bxc3 d6 9.O-O Ne7 10.f4 Nc6 11.e5 dxe5 12.fxe5
O-O 13.Ba3 Nxe5 14.Bxf8 Qxd1 15.Rfxd1 Kxf8 16.Bb3 Ke7 17.Re1
f6 18.Rxe5+ fxe5 19.Rf1 h6 20.Rf7+ Kd6 21.Rf8 a5 22.a4 b5 23.Rd8+
Ke7 24.Rg8 bxa4 25.Bxa4 g6 26.Rg7+ Kd6 27.Rh7 Bf5 28.h3 Rb8 29.g4
Be6 30.Rxh6 Rg8 31.Kf2 Rf8+ 32.Ke3 0-1

[Event "Moscow Open 2009 A"]
[Site ""]
[Date "2009.02.02"]
[Round "3.95"]
[White "Novichkov, Valery"]
[Black "Konovalov, Vladislav"]
[Result "1-0"]
[WhiteElo "2400"]
[BlackElo "2208"]
[Annotator ""]
[Source ""]
[Remark ""]

1.e4 d5 2.exd5 Nf6 3.d4 Nxd5 4.Nf3 g6 5.Be2 Bg7 6.O-O O-O 7.Re1
Re8 8.Na3 a5 9.c3 c6 10.Nc4 a4 11.a3 b5 12.Nce5 f6 13.Nd3 e5
14.dxe5 fxe5 15.Ng5 e4 16.Nb4 e3 17.Nxd5 cxd5 18.Bxe3 Bb7 1-0

[Event "Moscow Open 2009 A"]
[Site ""]
[Date "2009.02.02"]
[Round "3.96"]
[White "Soltanici, Ruslan"]
[Black "Gordievsky, Dmitry"]
[Result "1-0"]
[WhiteElo "2400"]
[BlackElo "2207"]
[Annotator ""]
[Source ""]
[Remark ""]

1.e4 c5 2.Nf3 d6 3.d4 cxd4 4.Nxd4 Nf6 5.Nc3 a6 6.Be2 Nbd7 7.a4
g6 8.O-O Bg7 9.Bg5 O-O 10.Qd2 Re8 11.Rfe1 Qc7 12.Bf1 b6 13.Nd5
Nxd5 14.exd5 Ne5 15.b3 Bb7 16.c4 e6 17.dxe6 fxe6 18.Rad1 Qd7
19.Nc2 Nf7 20.Be3 Qc6 21.a5 b5 22.cxb5 axb5 23.Nd4 Bxd4 24.Bxd4
e5 25.Bb6 Rac8 26.Rc1 Qd7 27.Qb4 Qf5 28.Rxc8 Rxc8 29.Qxb5 d5
30.Bd3 e4 31.Bf1 Ne5 32.Bd4 Ba8 33.Qb4 Rf8 34.Qe7 Nf7 35.Rc1
Qg5 36.Qxg5 Nxg5 37.b4 Ne6 38.Bb2 Rd8 39.b5 d4 40.Bc4 Bd5 41.Bxd5
Rxd5 42.a6 Rd8 43.b6 d3 44.a7 Nc5 45.Bd4 d2 46.Rd1 1-0

[Event "Moscow Open 2009 A"]
[Site ""]
[Date "2009.02.02"]
[Round "3.98"]
[White "Okara, Andrey"]
[Black "Mokshanov, Alexey"]
[Result "1/2-1/2"]
[WhiteElo "2394"]
[BlackElo "2185"]
[Annotator ""]
[Source ""]
[Remark ""]

1.e4 e6 2.d4 d5 3.Nd2 Nf6 4.e5 Nfd7 5.f4 c5 6.c3 Nc6 7.Ndf3 Qb6
8.a3 Be7 9.b4 cxd4 10.cxd4 f6 11.Bd3 O-O 12.Ne2 Kh8 13.Bc2 a5
14.Qd3 f5 15.b5 Na7 16.a4 Qc7 17.O-O Nb6 18.Qd1 Nc4 19.Kh1 Bd7
20.Rg1 Be8 21.h3 h6 22.g4 g6 23.Ra2 Bf7 24.Bd3 Qd7 25.Ng3 Nc8
26.Rag2 N8b6 27.Nf1 Rg8 28.h4 Raf8 29.Bc2 Be8 30.Qd3 Bd8 31.N3h2
Qf7 32.Qh3 Qe7 33.Nf3 h5 34.gxh5 gxh5 35.Ng5 Bg6 36.Qf3 Qe8 37.Ng3
Bxg5 38.hxg5 Kg7 39.Rh2 Rh8 40.Rh4 Rh7 41.Rg2 Rfh8 42.Rgh2 Qf7
43.Bd1 Qe8 44.Kg1 Qf7 45.Qb3 Qe8 46.Nh1 Qe7 47.Nf2 Qc7 48.Nd3
Nd7 49.Kf2 Qb6 50.Be3 Rc8 51.Bxh5 Rch8 52.Qd1 Qc7 53.Qh1 Nd6
54.Nc5 Ne4+ 55.Nxe4 fxe4 56.Be2 Nf8 57.Rxh7+ Rxh7 58.Rxh7+ Bxh7
59.Qe1 Bf5 60.Qc1 Qd7 61.Qc5 Kg8 62.Qb6 Qh7 63.Ke1 Qh1+ 64.Kd2
Qg2 65.Ke1 1/2-1/2

[Event "Moscow Open 2009 A"]
[Site ""]
[Date "2009.02.02"]
[Round "3.100"]
[White "Zubarev, Alexander"]
[Black "Leontiev, Aleksandr V"]
[Result "1-0"]
[WhiteElo "2566"]
[BlackElo "2309"]
[Annotator ""]
[Source ""]
[Remark ""]

1.d4 Nf6 2.c4 g6 3.Nc3 d5 4.Bg5 Ne4 5.Bh4 Nxc3 6.bxc3 dxc4 7.Qa4+
Nd7 8.e3 Bg7 9.Bxc4 O-O 10.Qa3 c5 11.Nf3 Qc7 12.Rc1 e6 13.O-O
b6 14.Bg3 Qc6 15.Rfd1 Bb7 16.d5 exd5 17.Bxd5 Qc8 18.Bxb7 Qxb7
19.Rd6 Nf6 20.Rcd1 Qe7 21.c4 Rfd8 22.Qd3 Rxd6 23.Qxd6 Qxd6 24.Rxd6
Kf8 25.Be5 Ke7 26.Rd3 Ne8 27.Bxg7 Nxg7 28.Ne5 Ke6 29.f4 f6 30.Nf3
Nf5 31.Nd2 h5 32.Ne4 Rc8 33.Kf2 Rc6 34.h3 Nd6 35.Nxd6 Rxd6 36.Rxd6+
Kxd6 37.g4 hxg4 38.hxg4 a6 39.a4 Kc6 40.e4 Kd6 41.Kf3 Ke6 42.f5+
gxf5 43.exf5+ Ke5 44.Ke3 Kd6 45.Kf4 Ke7 46.g5 fxg5+ 47.Kxg5 Kf7
48.Kf4 Kf6 49.Ke4 1-0

[Event "Moscow Open 2009 A"]
[Site ""]
[Date "2009.02.02"]
[Round "3.101"]
[White "Kovalev, Vladislav"]
[Black "Maslak, Konstantin"]
[Result "1/2-1/2"]
[WhiteElo "2330"]
[BlackElo "2541"]
[Annotator ""]
[Source ""]
[Remark ""]

1.e4 d6 2.d4 Nf6 3.Nc3 g6 4.f4 Bg7 5.Nf3 c5 6.Bb5+ Bd7 7.e5 Ng4
8.e6 Bxb5 9.exf7+ Kd7 10.Nxb5 Qa5+ 11.Nc3 cxd4 12.Nxd4 h5 13.Qf3
Nc6 14.Nxc6 Bxc3+ 15.bxc3 bxc6 16.O-O Rab8 17.h3 Qc5+ 18.Kh1
Nh6 19.Be3 Qxc3 20.Bxa7 Qxf3 21.Rxf3 Ra8 22.Bd4 Rh7 23.Ra3 Rf8
24.Ra7+ Ke6 25.Re1+ Kd5 26.Rd1 Kc4 27.Rxe7 Nf5 28.Ra7 Rhxf7 29.Ra4+
Kb5 30.Ra3 Nxd4 31.Rxd4 Kc5 1/2-1/2

[Event "Moscow Open 2009 A"]
[Site ""]
[Date "2009.02.02"]
[Round "3.102"]
[White "Potapov, Alexey"]
[Black "Ivanov, Victor L"]
[Result "1-0"]
[WhiteElo "2316"]
[BlackElo "2499"]
[Annotator ""]
[Source ""]
[Remark ""]

1.c4 c6 2.Nf3 Nf6 3.g3 d5 4.b3 Qb6 5.Bg2 e5 6.e3 e4 7.Nd4 Bc5
8.Ne2 dxc4 9.bxc4 Qa6 10.Bb2 Qxc4 11.Bxf6 gxf6 12.Nbc3 f5 13.Rc1
Qb4 14.O-O Nd7 15.f3 exf3 16.Rxf3 Nf6 17.Na4 Bd6 18.Nd4 Ne4 19.Nc3
Be5 20.Nxe4 fxe4 21.Rxf7 Be6 22.Qh5 1-0

[Event "Moscow Open 2009 A"]
[Site ""]
[Date "2009.02.02"]
[Round "3.103"]
[White "Gabrielian, Artur"]
[Black "Nikitin, Yuri"]
[Result "1-0"]
[WhiteElo "2472"]
[BlackElo "2319"]
[Annotator ""]
[Source ""]
[Remark ""]

1.e4 e5 2.f4 exf4 3.Nf3 Be7 4.d4 Nf6 5.Bd3 d5 6.e5 Ne4 7.Bxf4
O-O 8.Nbd2 f5 9.exf6 Nxf6 10.O-O Nh5 11.Be3 Nf4 12.Bxf4 Rxf4
13.Ne5 Rxf1+ 14.Nxf1 g6 15.Qf3 Bf6 16.Ne3 Bxe5 17.dxe5 Be6 18.Qg3
Kg7 19.h4 Nd7 20.h5 d4 21.Nf5+ Bxf5 22.Bxf5 Nf8 23.Bd3 Qe7 24.Rf1
Re8 25.Bc4 Qc5 26.Rf7+ Kh8 27.Qf4 1-0

[Event "Moscow Open 2009 A"]
[Site ""]
[Date "2009.02.02"]
[Round "3.104"]
[White "Arslanov, Shamil"]
[Black "Robson, Ray"]
[Result "1-0"]
[WhiteElo "2316"]
[BlackElo "2455"]
[Annotator ""]
[Source ""]
[Remark ""]

1.e4 c5 2.c3 Nf6 3.e5 Nd5 4.d4 cxd4 5.Qxd4 e6 6.Nf3 Nc6 7.Qe4
f5 8.Qe2 Qc7 9.g3 b5 10.Bg2 a5 11.O-O Ba6 12.Nh4 g6 13.Bxd5 exd5
14.Re1 Bg7 15.Bf4 O-O 16.Qd2 Ne7 17.Na3 Rae8 18.Nc2 Kh8 19.Nf3
Bb7 20.Ncd4 Qb6 21.Re2 Nc6 22.Rae1 b4 23.e6 bxc3 24.bxc3 Nxd4
25.Nxd4 Bxd4 26.Qxd4+ Qxd4 27.cxd4 dxe6 28.Rxe6 Rxe6 29.Rxe6
Rc8 30.Re7 Ba6 31.Ra7 Rc6 32.Bh6 g5 33.Bxg5 h6 34.Bf4 a4 35.Kg2
Rb6 36.Kf3 Kg8 37.Be5 a3 38.Kf4 Bc4 39.Rxa3 Rb2 40.f3 Rxh2 41.Kxf5
Bxa2 42.Ra8+ Kf7 43.Ra7+ Kg8 44.Ke6 Rf2 45.Rg7+ Kh8 46.f4 h5
47.Kf7 Bb1 48.Rg8+ Kh7 49.Rh8# 1-0

[Event "Moscow Open 2009 A"]
[Site ""]
[Date "2009.02.02"]
[Round "3.105"]
[White "Gochelashvili, David"]
[Black "Rozanov, Pavel B"]
[Result "1-0"]
[WhiteElo "2447"]
[BlackElo "2306"]
[Annotator ""]
[Source ""]
[Remark ""]

1.d4 e6 2.Nf3 Nf6 3.Bf4 c5 4.e3 b6 5.c3 Be7 6.h3 Bb7 7.Nbd2 O-O
8.a3 d6 9.Bd3 Nbd7 10.Qe2 Qc7 11.Bh2 a6 12.O-O b5 13.c4 bxc4
14.Nxc4 a5 15.Rac1 Qc6 16.Rfd1 a4 17.dxc5 dxc5 18.Bd6 Rfe8 19.Bxe7
Rxe7 20.Nd6 Ne5 21.Be4 Nxe4 22.Nxe5 Qc7 23.Nxb7 Qxb7 24.f3 Qc7
25.Nd3 Ng3 26.Qf2 c4 27.Nb4 Ree8 28.Rd4 Nf5 29.Rdxc4 Qe5 30.e4
Ne7 31.Nd3 Qd6 32.Qd4 Qg3 33.Rxa4 Rad8 34.Qe3 Ng6 35.e5 h5 36.Re4
Nh4 37.Ne1 Nf5 38.Qf2 Qg6 39.Rec4 Kh7 40.f4 Rd5 41.Nf3 Red8 42.Ng5+
Kh6 43.Rc7 Rd2 44.Nxf7+ Kh7 45.Ng5+ Kh6 46.Qe1 Rxb2 47.Rc8 Re8
48.Qc3 Rb8 49.Rxb8 Rxb8 50.Qc8 Qe8 51.Qxe8 Rxe8 52.Rc6 Nd4 53.Rc4
Nf5 54.g4 hxg4 55.hxg4 Ne3 56.Rc6 Ra8 57.Rxe6+ g6 58.Re7 1-0

[Event "Moscow Open 2009 A"]
[Site ""]
[Date "2009.02.02"]
[Round "3.107"]
[White "Krivoborodov, Egor"]
[Black "Galiaev, Andrey"]
[Result "1-0"]
[WhiteElo "2436"]
[BlackElo "2288"]
[Annotator ""]
[Source ""]
[Remark ""]

1.e4 c5 2.Nf3 Nc6 3.d4 cxd4 4.Nxd4 Nf6 5.Nc3 e5 6.Ndb5 d6 7.Bg5
a6 8.Na3 b5 9.Nd5 Be7 10.Bxf6 Bxf6 11.c4 b4 12.Nc2 a5 13.Qf3
Bg5 14.h4 Bh6 15.g4 Bf4 16.Nxf4 Qf6 17.Bg2 exf4 18.e5 Qxe5+ 19.Kd2
Nd4 20.Qd3 Nxc2 21.Kxc2 f3 22.Rhe1 fxg2 23.Qxd6 f6 24.Rxe5+ fxe5
25.Qxe5+ Kf7 26.Qf4+ Kg8 27.Qe4 Kf7 28.Qf3+ Ke7 29.Re1+ Kd8 1-0

[Event "Moscow Open 2009 A"]
[Site ""]
[Date "2009.02.02"]
[Round "3.108"]
[White "Syrchikov, Alexander"]
[Black "Slugin, Sergey"]
[Result "0-1"]
[WhiteElo "2261"]
[BlackElo "2436"]
[Annotator ""]
[Source ""]
[Remark ""]

1.d4 d5 2.Nf3 c6 3.e3 Bg4 4.c4 e6 5.Nc3 Nd7 6.Be2 Bd6 7.b3 f5
8.Bb2 Ngf6 9.Ng5 Qe7 10.h3 Bxe2 11.Qxe2 Ne4 12.Ngxe4 fxe4 13.cxd5
exd5 14.O-O-O O-O 15.f4 b5 16.Rd2 a5 17.Rc2 a4 18.Nb1 axb3 19.axb3
Nb8 20.Kd2 Na6 21.Bc3 Bb4 22.Ra2 Bxc3+ 23.Nxc3 Nb4 24.Raa1 Nd3
25.Rhb1 Qb4 26.Kc2 Rfc8 27.Qg4 Qd6 28.Ra7 Rxa7 29.Qxc8+ Qf8 30.Qxf8+
Kxf8 31.Rf1 Ra3 32.b4 Nxb4+ 33.Kb2 Ra5 34.g4 Ke7 35.f5 Ra8 36.Kb3
Na6 37.g5 Rf8 38.Ne2 Kd6 39.Ng3 c5 40.dxc5+ Nxc5+ 41.Kc3 Nd3
42.f6 b4+ 43.Kd4 g6 44.Ra1 Nc5 0-1

[Event "Moscow Open 2009 A"]
[Site ""]
[Date "2009.02.02"]
[Round "3.109"]
[White "Sergienko, Sergey"]
[Black "Kolmakov, Pavel"]
[Result "1-0"]
[WhiteElo "2434"]
[BlackElo "2284"]
[Annotator ""]
[Source ""]
[Remark ""]

1.e4 c5 2.Nf3 e6 3.d3 d5 4.Qe2 Nf6 5.g3 Nc6 6.Bg2 b6 7.O-O Be7
8.e5 Nd7 9.c4 d4 10.h4 Qc7 11.Bf4 Bb7 12.Nbd2 O-O-O 13.Rfe1 Rdg8
14.Ne4 Ncxe5 15.Nxe5 Nxe5 16.Ng5 Bxg2 17.Bxe5 Qc6 18.Nxf7 Bf3
19.Qd2 h5 20.Nxh8 Rxh8 21.Bxg7 Rg8 22.Qh6 Bxh4 23.Kh2 Qd7 24.Bf6
Bxf6 25.Qxf6 Bg4 26.Re5 Qd6 27.Qf4 1-0

[Event "Moscow Open 2009 A"]
[Site ""]
[Date "2009.02.02"]
[Round "3.110"]
[White "Matsenko, Sergei"]
[Black "Khojayan, Vardan"]
[Result "1/2-1/2"]
[WhiteElo "2429"]
[BlackElo "2272"]
[Annotator ""]
[Source ""]
[Remark ""]

1.e4 c5 2.Nf3 d6 3.d4 cxd4 4.Nxd4 Nf6 5.Nc3 a6 6.g3 e5 7.Nb3
Be7 8.Bg2 O-O 9.a4 Bg4 10.Qd3 Nc6 11.Bg5 Nb4 12.Qd2 Rc8 13.O-O
h6 14.Bxf6 Bxf6 15.h4 Qd7 16.Rfc1 Bd8 17.Ra3 Rc4 1/2-1/2

[Event "Moscow Open 2009 A"]
[Site ""]
[Date "2009.02.02"]
[Round "3.111"]
[White "Biryukov, Mikhail"]
[Black "Gladyszev, Oleg"]
[Result "0-1"]
[WhiteElo "2257"]
[BlackElo "2422"]
[Annotator ""]
[Source ""]
[Remark ""]

1.e4 c5 2.Nf3 Nc6 3.d4 cxd4 4.Nxd4 Nf6 5.Nc3 e5 6.Ndb5 d6 7.Bg5
a6 8.Na3 b5 9.Nd5 Be7 10.Bxf6 Bxf6 11.c3 Bg5 12.Nc2 Ne7 13.Ncb4
O-O 14.a4 bxa4 15.Rxa4 a5 16.Nxe7+ Qxe7 17.Nd5 Qb7 18.b3 Bd7
19.Ra2 Qc6 20.Bc4 a4 21.O-O axb3 22.Rxa8 Rxa8 23.Bxb3 Be6 24.Qh5
Bd8 25.Nb4 Qd7 26.Bxe6 fxe6 27.Rd1 Bb6 28.Qg4 Ra3 29.Rb1 Qc7
30.Qg3 0-1

[Event "Moscow Open 2009 A"]
[Site ""]
[Date "2009.02.02"]
[Round "3.112"]
[White "Sharafiev, Azat"]
[Black "Gaspariants, Garry"]
[Result "1/2-1/2"]
[WhiteElo "2421"]
[BlackElo "2268"]
[Annotator ""]
[Source ""]
[Remark ""]

1.Nf3 Nf6 2.c4 e6 3.Nc3 Bb4 4.Qc2 O-O 5.a3 Bxc3 6.Qxc3 d6 7.b4
e5 8.Bb2 a5 9.e3 axb4 10.axb4 Rxa1+ 11.Bxa1 Bg4 12.Be2 Nbd7 13.h3
Bh5 14.d3 b5 15.c5 Qa8 16.O-O Qa2 17.cxd6 cxd6 18.Bd1 Qa8 19.Bb2
Rc8 20.Qb3 Nb6 21.g4 Bg6 22.e4 Qc6 23.Be2 Qc2 24.Bd1 Qc6 25.Qa2
Ra8 26.Qb3 1/2-1/2

[Event "Moscow Open 2009 A"]
[Site ""]
[Date "2009.02.02"]
[Round "3.113"]
[White "Demin, Alexandr"]
[Black "Galkin, Vladimir"]
[Result "0-1"]
[WhiteElo "2417"]
[BlackElo "2194"]
[Annotator ""]
[Source ""]
[Remark ""]

1.c4 e5 2.Nc3 Bb4 3.g3 Bxc3 4.bxc3 Nf6 5.Bg2 O-O 6.d3 h6 7.Ba3
Re8 8.Rb1 Nc6 9.e3 b6 10.Ne2 e4 11.O-O exd3 12.Nd4 Ba6 13.Qa4
Bb7 14.Qd1 Ne4 15.Qxd3 Ne5 16.Qc2 Nxc4 17.Bc1 d5 18.f3 Ned6 19.Re1
c5 20.Nb3 Bc6 21.e4 f5 22.Nd2 Nxd2 23.Bxd2 dxe4 24.Bf4 exf3 25.Rxe8+
Qxe8 26.Bxf3 Bxf3 27.Bxd6 Qe3+ 28.Kf1 Be4 29.Qb3+ Kh7 30.Rd1
Re8 31.Qf7 Qf3+ 32.Ke1 Bc6+ 0-1

[Event "Moscow Open 2009 A"]
[Site ""]
[Date "2009.02.02"]
[Round "3.114"]
[White "Dimukhametov, Artur"]
[Black "Reprintsev, Alexander"]
[Result "0-1"]
[WhiteElo "2250"]
[BlackElo "2400"]
[Annotator ""]
[Source ""]
[Remark ""]

1.d4 d5 2.c4 dxc4 3.e3 e5 4.Bxc4 exd4 5.exd4 Nf6 6.Nf3 Bb4+ 7.Nc3
O-O 8.O-O Bg4 9.h3 Bxf3 10.Qxf3 Nc6 11.Rd1 Nxd4 12.Qf4 c5 13.Be3
Qb8 14.Qxb8 Raxb8 15.Bxd4 cxd4 16.Nb5 Bc5 17.Nxd4 Ne4 18.Bd5
Nxf2 19.Kxf2 Rfd8 20.b4 Bb6 21.Kf1 Rxd5 22.Nf3 Rbd8 23.Rxd5 Rxd5
24.Ke2 f6 25.Rd1 Rxd1 26.Kxd1 Kf7 27.Kd2 Ke6 28.a4 Kf5 29.a5
Bc7 30.Nd4+ Ke5 31.Kd3 a6 32.Kc4 h5 33.g4 hxg4 34.hxg4 g5 35.Kd3
Bd6 36.b5 Kf4 37.Nf5 Bb4 38.bxa6 bxa6 39.Ne3 Bxa5 0-1

[Event "Moscow Open 2009 A"]
[Site ""]
[Date "2009.02.02"]
[Round "3.115"]
[White "Chizhikov, Vladislav"]
[Black "Kotenko, Pavel"]
[Result "1-0"]
[WhiteElo "2167"]
[BlackElo "2398"]
[Annotator ""]
[Source ""]
[Remark ""]

1.e4 e5 2.Nf3 Nc6 3.d4 exd4 4.Nxd4 Bc5 5.Be3 Qf6 6.c3 Nge7 7.Bc4
Ne5 8.Be2 Qg6 9.O-O d6 10.Kh1 O-O 11.f4 Qxe4 12.Nd2 Qxe3 13.Nc2
Ng4 14.Nxe3 Nxe3 15.Qb3 1-0

[Event "Moscow Open 2009 A"]
[Site ""]
[Date "2009.02.02"]
[Round "3.116"]
[White "Agaragimov, Djakhangir"]
[Black "Barsamian, Eduard"]
[Result "0-1"]
[WhiteElo "2393"]
[BlackElo "2138"]
[Annotator ""]
[Source ""]
[Remark ""]

1.d4 d5 2.Nf3 Nf6 3.c4 c6 4.Qc2 dxc4 5.Qxc4 Bg4 6.Nc3 Nbd7 7.Ng5
Bh5 8.e4 e5 9.Be2 Bg6 10.d5 cxd5 11.exd5 Rc8 12.Qb3 a6 13.Be3
Nc5 14.Qd1 Bd6 15.O-O O-O 16.f3 h6 17.Nh3 Qc7 18.Rc1 Qb8 19.b4
Ncd7 20.Nf2 e4 21.Ncxe4 Bxh2+ 22.Kh1 Bf4 23.Bxf4 Qxf4 24.Nh3
Qxc1 25.Nxf6+ Nxf6 26.Qxc1 Rxc1 27.Rxc1 Nxd5 28.Kg1 Re8 29.Kf2
Bf5 30.g4 Rc8 31.Rxc8+ Bxc8 32.Bd3 Kf8 33.Be4 Nb6 34.Bd3 Ke7
35.Ke3 Kd6 36.Kd4 0-1

[Event "Moscow Open 2009 A"]
[Site ""]
[Date "2009.02.02"]
[Round "3.118"]
[White "Ezhikov, Vitaly"]
[Black "Ageichenko, Genadi A"]
[Result "0-1"]
[WhiteElo "2136"]
[BlackElo "2367"]
[Annotator ""]
[Source ""]
[Remark ""]

1.d4 Nf6 2.c4 e6 3.Nf3 b6 4.g3 Ba6 5.Qa4 Bb7 6.Bg2 Be7 7.O-O
O-O 8.Nc3 Ne4 9.Nxe4 Bxe4 10.Ne5 Bxg2 11.Kxg2 Qc8 12.e4 Qb7 13.d5
d6 14.Nd3 c5 15.Bf4 a6 16.Qc2 Nd7 17.f3 exd5 18.exd5 b5 19.b3
Rfe8 20.Rae1 Bf8 21.h4 Nb6 22.Nf2 Qd7 23.g4 bxc4 24.bxc4 Qa4
25.Qxa4 Nxa4 26.Rxe8 Rxe8 27.Ne4 Nb2 28.Nd2 Nd3 29.Kg3 h5 30.Ne4
hxg4 31.Kxg4 Nxf4 32.Kxf4 Rb8 33.Ke3 Rb2 0-1